000 00574nam a2200193 a 4500
005 20220817111233.0
008 011026s1993 es r 000 0 spa d
020 _a8427710321
035 _aUPN01000113574
049 _aCG
050 4 _aHV5801
_bV4.3
100 1 _aVega Fuente, Amando
_932086
245 1 3 _aLa acción social ante las drogas :
_bpropuestas de intervención socioeducativa /
_cAmando Vega Fuente.
260 _aMadrid :
_bNarcea,
_c1993.
300 _a225 p.
440 0 _aSociocultural
650 7 _aAbuso de drogas
_xTratamiento
_2
_95969
905 _aLibro
999 _c87482
_d87482